000 01143nam a2200301 c 4500
999 _c188378
_d188378
003 BLK
005 20221205093340.0
008 180411b bul|||||r ||||||| ||bul||
010 _aKNG00197396000
040 _aBLK
041 _aBUL
_cBUL
080 _aАмериканска литература (на САЩ)
_b821.111(73)
_x-31
_z821.111(73)-31
100 1 _aХемингуей, Ърнест
_eпърви автор
_9367561
139 _aХемингуей, Ърнест
_bХ 41
245 1 0 _aИ изгрява слънце
_bФиеста : Роман
_cЪрнест Хемингуей; прев. от англ. Димитри Иванов.
250 _a2. изд.
257 _aUSA
260 _bНар. култура
_c1980
_aСофия
300 _a207 с.
_c20 см
380 _aX
500 _aОриг. загл. The also rises : Fiesta. - 1. изд. 1964.
700 1 _aИванов, Димитри
_eпрев. от англ.
_9380841
852 _aЦб 104272
856 4 _qpdf
_i0.00
_ldisable
856 4 _qpdf
_i0.00
_ldisable
942 _cKNG
_n0
_03
_s1
944 _aCR
_c05.12.2016
_kВаля_Йорданова
944 _aED
_c05.12.2016
_kВаля_Йорданова
999 _d188378